Sources of the EU English terminology (the use of abbreviations)

Problematika lexikológie anglického jazyka zameraná na aktuálne dostupné zdroje terminológie nadnárodnej komunity Európskej únie.

Gespeichert in:
Bibliographische Detailangaben
1. Verfasser: Kapráliková, Ivana, 1974-
Format: Buchkapitel
Sprache:Englisch
Schlagworte:
Tags: Tag hinzufügen
Keine Tags, Fügen Sie das erste Tag hinzu!

MARC

LEADER 00000nla a2200000 4500
001 0238198
005 20240502073843.2
041 0 |a eng 
044 |a SK 
245 1 0 |a Sources of the EU English terminology (the use of abbreviations)  |c Ivana Kapráliková 
520 |a Problematika lexikológie anglického jazyka zameraná na aktuálne dostupné zdroje terminológie nadnárodnej komunity Európskej únie. 
610 2 0 |a terminológia 
610 2 0 |a lexikológia 
610 2 0 |a jazyky cudzie 
610 2 0 |a angličtina 
610 2 0 |a Európska únia 
100 1 |a Kapráliková, Ivana, 1974-